LEADER 01125nas a2200229 i 4500 001 000000218581 003 CaOOAMICUS 005 20130226000000.0 008 130208b2012 po uu u0 0mul r 013 $a197478 040 $aSeMil$bita 245 10$aEvangelho e Mundo :$bestudos em homenagem ao Prof. Doutor D. Pio G. Alves de Sousa. 260 $aBraga :$bUniversidade Católica Portuguesa, Faculdade de Teologia,$c2012. 300 $aP. [233]-780 :$b[1] c. di ritratto ;$c24 cm. 500 $aContiene : "Curriculum vitae" abreviado do Prof. Doutor D. Pio Gonçalo Alves de Sousa. 700 1 $aAlvés de Sousa, Pío Gonçalo .$0(OLS)http://semarc/name/24586 774 0 $t[vedi periodico].$w()278579 850 $aSeMil 852 $aSeMil$W1$xVenegono$y1$m76 2 39$j168991$B168991$CSeMilBibl$Z2$F180086 $85 961 $aCambio: Scuola Cattolica 996 $6245$aEvangelho e Mundo :$bestudos em homenagem ao Prof. Doutor D. Pio G. Alves de Sousa$9(OLS)http://semarc/title/313784 996 $6260$aBraga :$bUniversidade Católica Portuguesa, Faculdade de Teologia$9(OLS)http://semarc/publisher/44153 LEADER 01360nam a2200277 i 4500 001 000000075651 003 CaOOAMICUS 005 20120718000000.0 008 120718s1999 xx u000 u spa u 013 $a46823 020 $a88-7652-834-2 040 $aSeMil$bita 100 1 $aAstigueta, Damián Guillermo .$0(OLS)http://semarc/name/37353 245 13$aLa noción de laico desde el Concilio Vaticano 2. al CIC 83 :$bel laico : «sacramento de la Iglesia y del mundo» /$cDamián Guillermo Astigueta. 260 $aRoma :$bPontificia Università Gregoriana,$cstampa 1999. 300 $a295 p. ;$c25 cm. 490 0 $aTesi Gregoriana. Serie Diritto canonico ;$v38 500 $aContiene : Bibliografia. 650 4$aLaicato - Diritto canonico.$0(OLS)http://semarc/subject/6631 830 0$aTesi Gregoriana. Serie Diritto canonico ;$v38.$0(OLS)http://semarc/title/400183 850 $aSeMil 852 $aSeMil$W1$xVenegono$y1$m2H I 208$j41803$B41803$CSeMilBibl$Z2$F41807 $81 961 $aSottoscrizione: Città Nuova 996 $6020$a88-7652-834-2$9(OLS)http://semarc/number/56258 996 $6245$aLa noción de laico desde el Concilio Vaticano 2. al CIC 83 :$bel laico : «sacramento de la Iglesia y del mundo»$9(OLS)http://semarc/title/122686 996 $6260$aRoma :$bPontificia Università Gregoriana$9(OLS)http://semarc/publisher/29750